Principios de almacenamiento de papa /
Guardado en:
| Autor Principal: | |
|---|---|
| Formato: | Libro |
| Publicado: |
Montevideo :
Hemisferio Sur,
1989
|
| Materias: | |
| Etiquetas: |
Agregar Etiqueta
Sin Etiquetas, Sea el primero en etiquetar este registro!
|
| LEADER | 00497nam a22001695a 4500 | ||
|---|---|---|---|
| 001 | CEM.cems016769 | ||
| 005 | 20131030181726.0 | ||
| 008 | 130507s1989##################000#0#####d | ||
| 003 | CEMS | ||
| 082 | 0 | 4 | |a 635.2 |
| 100 | 1 | |a Booth, Robert H | |
| 245 | 1 | 0 | |a Principios de almacenamiento de papa / |c Robert H Booth y Roy L Shaw |
| 260 | |a Montevideo : |b Hemisferio Sur, |c 1989 | ||
| 300 | |a 116 p. | ||
| 653 | |a Papa-almacenamiento | ||
| 653 | |a Papa | ||
| 859 | |a CEMS |b BIB. CEMS - Agricultura |h 635.2 |i B644 |p A0205.00 |t Ej.1 | ||
